logo

Bir Sreshtho Munshi Abdur Rouf Library
Jhenaidah Cadet College

The Gifts of Athena : (Record no. 13663)

MARC details
000 -LEADER
fixed length control field 00725nam a2200217 a 4500
001 - CONTROL NUMBER
JCCL Control Number 13663
003 - CONTROL NUMBER IDENTIFIER
JCCL marc code BD-JhCC
005 - DATE AND TIME OF LATEST TRANSACTION
control field 20240313154957.0
008 - FIXED-LENGTH DATA ELEMENTS--GENERAL INFORMATION
fixed length control field 240313b2005 nyu |||| |||| 00| 0 eng d
020 ## - INTERNATIONAL STANDARD BOOK NUMBER
International Standard Book Number 9780691120133
035 ## - SYSTEM CONTROL NUMBER
system control number (BD-JhCC)13663
040 ## - CATALOGING SOURCE
Original cataloging agency BD-JhCC
Modifying agency BD-JhCC
041 ## - LANGUAGE CODE
Language code of Book english
082 ## - DEWEY DECIMAL CLASSIFICATION NUMBER
Classification number 330
Author mark and Year MOK 2005
100 ## - MAIN ENTRY--PERSONAL NAME
Personal name Mokyr,Joel
245 ## - TITLE STATEMENT
Title The Gifts of Athena :
Remainder of title Historical origins of the knowledge Economy /
Statement of responsibility, etc Joel Mokyr.
260 ## - PUBLICATION, DISTRIBUTION, ETC. (IMPRINT)
Place of publication, distribution, etc Princeton N.J:
Name of publisher, distributor, etc Princeton University Press;
Date of publication, distribution, etc 2005.
300 ## - PHYSICAL DESCRIPTION
Pagination 359 p. :
Other physical details ill;
Dimensions 22 cm.
650 ## - SUBJECT ADDED ENTRY--TOPICAL TERM
Topical term or geographic name as entry element BUSINESS & ECONOMICS Knowledge Capital
Form subdivision Développement économique Histoire
General subdivision Economic development
Geographic subdivision Economic development History
942 ## - ADDED ENTRY ELEMENTS (KOHA)
Source of classification or shelving scheme Dewey Decimal Classification
Koha item type Books
Holdings
Source of classification or shelving scheme Damaged status Not for loan Home library Current library Shelving location Date of accession Cost, normal purchase price Total Checkouts Full call number Barcode Checked out Date last seen Date checked out Copy number Method of acquisition Koha item type Currency
Dewey Decimal Classification     JCC Rouf Library JCC Rouf Library General Stacks   450.00 1 330 MOK 2005 19125 12/06/2025 11/11/2025 11/11/2025 C-1 Purchase Books BDT

JCC Library | Contacts | JCC Home

Last Update on 23 September 2017
Copyright @ 2017-2020 JCC Rouf Library
Rouf Library, Jhenidah Cadet College (JCC), Bangladesh